000 00249nam a2200109 a 4500
005 20200930070917.0
008 110929s1990 000 spa d
020 _a8475095798
245 0 _aBarreras.
260 _aBarcelona,
_c1990.
999 _c33746
_d33746
040 _aDO-SdBNP